Statistiques concernant Culture Générale - Série 347

Cliquez ici pour prendre le quiz!

Statistiques générales

  • Ce quiz a été pris 155 fois
  • Le résultat moyen est 3 sur 10

Statistiques - réponses

QuestionRéponse% Correct
Quel roi Alexandre Astier incarne-t-il dans la série "Kaamelott" ?Arthur
90%
Dans les années 1800, quel ancien forçat devint chef de la sûreté à Paris ?Eugène François Vidocq
44%
En France, quel fil d'installation électrique est vert et jaune ?Le fil de terre
40%
En 1971 quel comédien prénommé Claude l'incarne dans un feuilleton télévisé ?Claude Brasseur
39%
En 1990, qui succède à Margaret Thatcher au poste de Premier ministre ?John Major
27%
Qui a animé l'émission "Graines de star" de 1996 à 2002 ?Laurent Boyer
27%
Qui a créé la compagnie de danse "Le Ballet du XXe siècle" ?Maurice Béjart
27%
De quoi un accroche-coeur est-il essentiellement composé ?De cheveux
24%
Quelle bande de hors-la-loi français est chantée par Joe Dassin en 1968 ?La bande à Bonnot
17%
En 1967, quel comédien prénommé Bernard l'incarne dans un feuilleton télévisé ?Bernard Noël
8%

Distribution des résultats

Percentile par nombre de réponses

% des personnes avec chaque résultat

Votre développement - résultats

Vous n’avez pas pris ce quiz